| 000 | 03703nam a2200433 i 4500 | ||
|---|---|---|---|
| 001 | on1131872189 | ||
| 003 | OCoLC | ||
| 005 | 20260515120145.0 | ||
| 008 | 191210t20202020maua e b 001 0 eng | ||
| 010 | _a2019057058 | ||
| 015 |
_aGBC050654 _2bnb |
||
| 016 | 7 |
_a019765176 _2Uk |
|
| 020 |
_a9780262539326 _qpaperback |
||
| 020 |
_a0262539322 _qpaperback |
||
| 035 |
_a(OCoLC)1131872189 _z(OCoLC)1191907333 _z(OCoLC)1199060145 _z(OCoLC)1202534931 |
||
| 040 |
_aDNLM/DLC _beng _erda _cDLC _dOCLCO _dYDX _dBDX _dOCLCA _dUKMGB _dOCLCO _dOCLCF _dJAS _dIZ8 _dYDX _dVP@ _dSLU _dMNW _dAJB _dUOH |
||
| 041 | _aEnglish | ||
| 042 | _apcc | ||
| 043 | _an-us--- | ||
| 050 | 0 | 4 |
_aRA638 _b.B47 2020 |
| 100 |
_aBerman, Jonathan M., _eauthor. _927100 |
||
| 245 | 1 | 0 |
_aAnti-vaxxers _b: how to challenge a misinformed movement _c/ Jonathan M. Berman. |
| 246 | 3 | 0 | _aHow to challenge a misinformed movement. |
| 264 | 1 |
_aCambridge, Massachusetts : _bThe MIT Press, _c[2020] |
|
| 264 | 4 | _c℗2020. | |
| 300 |
_a xviii, 277 pages : _billustrations (black and white) ; _c21 cm. |
||
| 500 | _a | ||
| 504 | _aIncludes bibliographical references and index. | ||
| 505 | 0 | _aIs there even a problem? — Understanding vaccines — The world before vaccines — The first vaccine — The first anti-vaccine movements — Vaccine pioneers — 20th century anti-vaccine movements Autism — The anti-vaccine movement 1998-present — Vaxxed — Too many too soon — Deadly immunity — Ineffective "alternatives" to vaccination — Social media, "fake news," and the spread of information — Escalation of commitment — Religion and vaccine hesitancy — Big pharma — Anti-vaccine activism in 2018 and 2019 — Vaccine advocates — Who are they? — The anti-vaccine parent — What changes minds about vaccines? | |
| 520 | _aVaccines are a documented success story, one of the most successful public health interventions in history. Yet there is a vocal anti-vaccination movement, featuring celebrity activists (including Kennedy scion Robert F. Kennedy Jr. and actress Jenny McCarthy) and the propagation of anti-vax claims through books, documentaries, and social media. In Anti-Vaxxers, Jonathan Berman explores the phenomenon of the anti-vaccination movement, recounting its history from its nineteenth-century antecedents to today’s activism, examining its claims, and suggesting a strategy for countering them. After providing background information on vaccines and how they work, Berman describes resistance to Britain’s Vaccination Act of 1853, showing that the arguments anticipate those made by today’s anti-vaxxers. He discusses the development of new vaccines in the twentieth century, including those protecting against polio and MMR (measles, mumps, rubella), and the debunked paper that linked the MMR vaccine to autism; the CDC conspiracy theory promoted in the documentary Vaxxed; recommendations for an alternative vaccination schedule; Kennedy’s misinformed campaign against thimerosal; and the much-abused religious exemption to vaccination. Anti-vaxxers have changed their minds, but rarely because someone has given them a list of facts. Berman argues that anti-vaccination activism is tied closely to how people see themselves as parents and community members. Effective pro-vaccination efforts should emphasize these cultural aspects rather than battling social media posts. | ||
| 650 | 0 |
_aAnti-vaccination movement. _927103 |
|
| 650 | 0 |
_aVaccines. _927102 |
|
| 650 | 1 | 0 |
_aAnti-Vaccination Movement. _927103 |
| 650 | 2 | 0 |
_aVaccination Refusal. _927104 |
| 650 | 2 | 0 |
_aSociological Factors. _927105 |
| 650 | 2 | 0 |
_aTreatment Outcome. _927107 |
| 651 | 0 |
_aUnited States _922762 |
|
| 942 | _2lcc | ||
| 999 |
_c5472 _d5472 |
||